Statistiques concernant Quizz des Sarah

Cliquez ici pour prendre le quiz!

Statistiques générales

  • Ce quiz a été pris 33 fois
  • Le résultat moyen est 3 sur 11

Statistiques - réponses

indiceSarah% Correct
au revoirSarah croche
93%
allox2sarah pelle
73%
Bosniesarah jevo
37%
oasisSarah fraichie
17%
Dans les bouchonsSarah lenti
17%
insulteSarah ce
13%
NettoyerSarah Masse
7%
Quand t paniqueSarah sure
7%
hugo gema1-aSarah colle
3%
poissonSarah dine
3%
toc tocSarah porte
0%

Distribution des résultats

Percentile par nombre de réponses

% des personnes avec chaque résultat

Votre développement - résultats

Vous n’avez pas pris ce quiz